| 000 | 00722nam a2200181 a 4500 | ||
|---|---|---|---|
| 001 | BRCA_1742 | ||
| 005 | 20190320203529.0 | ||
| 008 | 140508s1992----mx-#---###---#000-0#spa-# | ||
| 050 | 4 |
_aF1391.P8 _b.L43 82 _c1992 |
|
| 100 | 1 |
_aTirado Villegas, Gloria _95437 |
|
| 245 | 1 | 0 |
_aCultura obrera _bel caso de los ferrocarrileros : Puebla a principios de siglo _cGloria Tirado Villegas. |
| 260 |
_aPuebla, México _bGobierno del Estado de Puebla : Secretaría de Cultura : Comisión Puebla V Centenario _c1992 |
||
| 300 |
_a13 p. _c21 cm. |
||
| 440 | 0 |
_aLecturas Históricas de Puebla _n82 _95438 |
|
| 650 | 1 | 4 |
_aFerrocarriles _xEmpleados - Historia _zPuebla (México) _95439 |
| 651 | 4 |
_aPuebla (México) _xHistoria _9409 |
|
| 942 |
_2lcc _cB |
||
| 999 |
_c1526 _d1526 |
||